Matanakāmarājan, Mariyātairāman kataikaḷ. (Record no. 87438)

MARC details
000 -LEADER
fixed length control field 00547cam a22002051 4500
001 - CONTROL NUMBER
control field sa 68016978
003 - CONTROL NUMBER IDENTIFIER
control field DLC
005 - DATE AND TIME OF LATEST TRANSACTION
control field 20260227112659.0
008 - FIXED-LENGTH DATA ELEMENTS--GENERAL INFORMATION
fixed length control field 890406s1967 xx 000 0 tamo
010 ## - LIBRARY OF CONGRESS CONTROL NUMBER
LC control number sa 68016978
035 ## - SYSTEM CONTROL NUMBER
System control number (OCoLC)23574002
040 ## - CATALOGING SOURCE
Original cataloging agency DLC
Transcribing agency MiU
Modifying agency DLC
042 ## - AUTHENTICATION CODE
Authentication code premarc
050 00 - LIBRARY OF CONGRESS CALL NUMBER
Classification number GR305.5.T3
Item number R3
100 1# - MAIN ENTRY--PERSONAL NAME
Personal name Rāmanātan̲, Aru.,
Dates associated with a name 1924-1974.
245 10 - TITLE STATEMENT
Title Matanakāmarājan, Mariyātairāman kataikaḷ.
260 ## - PUBLICATION, DISTRIBUTION, ETC.
Date of publication, distribution, etc. [1967]
300 ## - PHYSICAL DESCRIPTION
Extent 448 p.
Other physical details illus.
Dimensions 18 cm.
650 #0 - SUBJECT ADDED ENTRY--TOPICAL TERM
Topical term or geographic name entry element Tamil (Indic people)
General subdivision Folklore.

No items available.

Powered by Koha